| 000 | 01315ny a22002893n 4500 | ||
|---|---|---|---|
| 005 | 20240305165311.0 | ||
| 008 | 080407s2004 sp f 000 0 spa d | ||
| 020 | _a9788495748928 | ||
| 035 | _a406 | ||
| 040 |
_aBUS _dvLex |
||
| 080 | _a347.41/.43(460)(075.8) | ||
| 090 |
_c45 _d45 |
||
| 100 | 1 | _aO'Callaghan Muñoz, Xavier | |
| 245 | 1 | 0 |
_aCompendio de derecho civil _h[Recurso electrónico] _cXavier O'Callaghan _bTomo 3 (Derechos reales e hipotecario) |
| 256 | _aServicio en línea | ||
| 260 |
_aMadrid : _bEdersa, _c2004 |
||
| 505 | _at.2, v.1. Obligaciones y Contratos - t.2, v.2. Obligaciones y Contratos - v.3. Derechos reales e hipotecario - v.4. Derecho de familia - v.5. Derecho de sucesiones | ||
| 506 | 1 |
_aContenido solo disponible en los productos indicados _dvLex Global _dvLex Global (Academic Edition, excluding Law Schools) _dvLex Global (U.S. Academic Edition, Law Schools) _dvLex Global (U.S. Academic Edition, excluding Law Schools) _dvLex Global (Academic Edition, Law Schools) |
|
| 650 | 0 | 4 | _aCivil |
| 650 | 0 | 4 | _aInmobiliario y registral |
| 650 | 0 | 4 | _aHipoteca |
| 650 | 0 | 4 | _aInstitución de derechos reales |
| 650 | 0 | 4 | _aDerecho hipotecario |
| 740 | _avLex Libros (Servicios en línea) | ||
| 856 | 4 | 0 | _uhttps://app.vlex.com/#/sources/derechos-reales-hipotecario-406 |
| 942 | _cRAA | ||
| 999 |
_c158585 _d158585 |
||